00438nam a2200121 4500008001600000020001800016082002100034100002000055245009700075260003400172300002600206650008400232863.972.8 C828e a9789929552043 a863.972.8bC828e aCortez, Beatriz aEstética del cinismo:bpasión y desencanto en la literatura centroamericana de posguerra aGuatemalabF&G Editoresc2010 a323 p.c20 x 12,5 cm. xliteraturaxcinismoxemocionesxviolenciaxguerra y literaturaxCentroamérica